The New Municipalities of Latvia in Latvian - Statistics

General Stats
  • This quiz has been taken 8 times
  • The average score is 18 of 42
Answer Stats
English Latviešu % Correct
Ādaži Ādažu
80%
Aizkraukle Aizkraukles
60%
Alūksne Alūksnes
60%
Augšdaugava Augšdaugavas
60%
Balvi Balvu
60%
Bauska Bauskas
60%
Rīga Rīga
60%
Saldus Saldus
60%
Cēsis Cēsu
40%
Daugavpils Daugavpils
40%
Dobele Dobeles
40%
Gulbene Gulbenes
40%
Jēkabpils Jēkabpils
40%
Jelgava (City) Jelgava
40%
Jelgava (Municipality) Jelgavas
40%
Jūrmala Jūrmala
40%
Ķekava Ķekavas
40%
Krāslava Krāslavas
40%
Kuldīga Kuldīgas
40%
Liepāja Liepāja
40%
Limbaži Limbažu
40%
Līvāni Līvānu
40%
Ludza Ludzas
40%
Madona Madonas
40%
Mārupe Mārupes
40%
Ogre Ogres
40%
Olaine Olaines
40%
Preiļi Preiļu
40%
Rēzekne (City) Rēzekne
40%
Rēzekne (Municipality) Rēzeknes
40%
Ropaži Ropažu
40%
Salaspils Salaspils
40%
Saulkrasti Saulkrastu
40%
Sigulda Siguldas
40%
Smiltene Smiltenes
40%
Talsi Talsu
40%
Tukums Tukuma
40%
Valka Valkas
40%
Valmiera Valmieras
40%
Ventspils (City) Ventspils
40%
Ventspils (Municipality) Ventspils
40%
South Kurzeme Dienvidkurzemes
20%
No matching quizzes found
Score Distribution
Percent of People with Each Score
Percentile by Number Answered
Your Score History
You have not taken this quiz